[Event "GER-ch Net blitz qual3"]
[Site "Playchess.com INT"]
[Date "2020.03.21"]
[Round "3"]
[White "Loehr, Markus"]
[Black "Goldschmidt, Raimar"]
[Result "1-0"]
[WhiteElo "2194"]
[BlackElo "1800"]
[PlyCount "45"]
[EventDate "2020.03.21"]
[EventType "swiss (blitz)"]
[EventRounds "9"]
[EventCountry "GER"]
[SourceTitle "CBM 195 Extra"]
[Source "ChessBase"]
[SourceDate "2020.05.31"]
[SourceVersion "1"]
[SourceVersionDate "2020.05.31"]
[SourceQuality "1"]

1. d4 c5 2. d5 Nf6 3. Nc3 e6 4. e4 exd5 5. exd5 d6 6. Be2 g6 7. Nf3 Bg7 8. 0-0 0-0 9. h3 a6 10. a4 Re8 11. Bf4 Nh5 12. Bh2 Qb6 13. Ra2 Bf5 14. Nd2 Nf6 15. Nc4 Qb4 16. Nxd6 Nbd7 17. Nxe8 Rxe8 18. Bd3 Ne4 19. Nxe4 Bxe4 20. Bxe4 Qxe4 21. c3 Nb6 22. d6 Nd7 23. Ra1 1-0